| 000 | 00468nam a2200181 4500 | ||
|---|---|---|---|
| 003 | SEACOMMC | ||
| 005 | 20260326135051.0 | ||
| 008 | 260326b |||||||| |||| 00| 0 eng d | ||
| 020 | _a978-0131913455 | ||
| 040 | _aSEACOMMC | ||
| 082 |
_a620.1123 _bR968 |
||
| 100 | _aHibbeler, Russell C. | ||
| 245 |
_aMechanics of Materials _cRussell C. Hibbeler |
||
| 250 | _a6th ed. | ||
| 260 |
_aDelhi _bPearson _c2005 |
||
| 300 |
_a896 p _c19.69 x 3.18 x 23.5 cm |
||
| 942 | _cGBK | ||
| 999 |
_c1254 _d1254 |
||